000 00562nam a2200205Ia 4500
003 GCL
008 140319s9999 xx 000 0 eng d
020 _a0415970164
040 _aGCL /
_cGCL
082 0 4 _a302.23
_bH B
100 1 _aHANSEN, MARK B . N
245 1 0 _aBODIES IN CODE :
_bINTERFACES WITH DIGITAL MEDIA /
_cHANSEN, MARK B . N
260 _aنيويورك :
_bROULIEDGE ،
_c2006
300 _a24 CM ؛
_c327 P
650 0 4 _aDIGITAL COMMUNICATIONS
650 0 4 _aIMAGES
650 0 4 _aDIGITAL AUDIO
650 0 4 _aCOMMUNICATION
942 _2ddc
_cBK
999 _c9326
_d9326